An anthology of winning works : (Record no. 6636)

MARC details
000 -LEADER
fixed length control field 00629nam a22001817a 4500
003 - CONTROL NUMBER IDENTIFIER
control field OSt
005 - DATE AND TIME OF LATEST TRANSACTION
control field 20251201104045.0
008 - FIXED-LENGTH DATA ELEMENTS--GENERAL INFORMATION
fixed length control field 251201b |||||||| |||| 00| 0 eng d
020 ## - INTERNATIONAL STANDARD BOOK NUMBER
International Standard Book Number 971-27-0988-4.
040 ## - CATALOGING SOURCE
Original cataloging agency DWCL-Admin lib
Transcribing agency OC
082 ## - DEWEY DECIMAL CLASSIFICATION NUMBER
Classification number Circ. 899.211 An628 2000
110 ## - MAIN ENTRY--CORPORATE NAME
Corporate name or jurisdiction name as entry element Don Carlos Palanca Memorial Award For Literature
245 ## - TITLE STATEMENT
Title An anthology of winning works :
Remainder of title the 1980's short story /
Statement of responsibility, etc. Don Carlos Palanca Memorial Award For Literature
260 ## - PUBLICATION, DISTRIBUTION, ETC.
Place of publication, distribution, etc. Pasig Cirty :
Name of publisher, distributor, etc. Anvil Pub. , Inc. ,
Date of publication, distribution, etc. c2000
300 ## - PHYSICAL DESCRIPTION
Extent 557 p. ;
Dimensions 22 cm.
650 ## - SUBJECT ADDED ENTRY--TOPICAL TERM
Topical term or geographic name entry element 1. Philippine drama-Collection.
942 ## - ADDED ENTRY ELEMENTS (KOHA)
Source of classification or shelving scheme Dewey Decimal Classification
Koha item type Book-Filipiniana
Call number prefix Fil.
Suppress in OPAC No
952 ## - LOCATION AND ITEM INFORMATION (KOHA)
--
Holdings
Withdrawn status Lost status Source of classification or shelving scheme Damaged status Not for loan Home library Current library Shelving location Date acquired Source of acquisition Total Checkouts Full call number Barcode Date last seen Copy number Price effective from Koha item type Uniform Resource Identifier
    Dewey Decimal Classification     College Library College Library Filipiniana 06/30/2011 School Fund   Fil. 899.211 An628 2000 48550 12/01/2025 c1 12/01/2025 BK - FIL